[Event "Olomouc Chess Summer 2023 - B1"]
[Site "Olomouc (CZE), Hotel Flora"]
[Date "2023.08.18"]
[Round "8"]
[Board "3"]
[White "Ashwath, R."]
[Black "Bokhnak, Timofey"]
[Result "1-0"]
[WhiteElo "2297"]
[BlackElo "2197"]
[PlyCount "0"]
[EventDate "2023.08.12"]
[EventRounds "9"]
[EventCountry "CZE"]

1. Nf3 d5 2. g3 Nf6 3. Bg2 e6 4. O-O Be7 5. d3 O-O 6. Bf4 c5 7. a4 Nc6 8. Ne5 Bd6
9. Nxc6 bxc6 10. Bxd6 Qxd6 11. Nc3 Rd8 12. e4 Rb8 13. Re1 Qc7 14. Qc1 Qa5 15. Rb1
Ba6 16. Bf1 h6 17. h3 Rb7 18. e5 Nd7 19. Qd2 Qb4 20. f4 Qd4+ 21. Kg2 Rdb8 22. b3
c4 23. Ne2 Qc5 24. dxc4 dxc4 25. Nc3 Qa5 26. Ne4 Qxd2+ 27. Nxd2 Nc5 28. Bxc4 Bxc4
29. Nxc4 Nxa4 30. Nd6 Nc3 31. Nxb7 Nxb1 32. Na5 Na3 33. Nxc6 Rb7 34. Nd4 Rd7 35.
c3 Nc2 36. Nxc2 Rd2+ 37. Kf3 Rxc2 38. Re3 a5 39. Ke4 a4 40. bxa4 Ra2 41. c4 Kf8 42.
Kd4 Rxa4 43. Kc5 Ke7 44. Rb3 g5 45. Kb5 Ra8 46. c5 gxf4 47. gxf4 Ra1 48. Kb6 Rc1
49. c6 Kd8 50. Kb7 Rc2 51. Rd3+ Ke7 52. c7 Rb2+ 53. Kc8 Rb4 54. Ra3 Rxf4 55. Rb3
f6 56. Kb7 Rc4 57. exf6+ Kxf6 58. c8=Q Rxc8 59. Kxc8 Kf5 60. Kd7  1-0

[Event "Olomouc Chess Summer 2023 - B1"]
[Site "Olomouc (CZE), Hotel Flora"]
[Date "2023.08.18"]
[Round "8"]
[Board "4"]
[White "Plischki, Sebastian"]
[Black "Kwon, Sehyun"]
[Result "1/2-1/2"]
[WhiteElo "2319"]
[BlackElo "2274"]
[PlyCount "0"]
[EventDate "2023.08.12"]
[EventRounds "9"]
[EventCountry "CZE"]

1. d4 d5 2. c4 e6 3. Nf3 Nf6 4. g3 Bb4+ 5. Bd2 Be7 6. Bg2 O-O 7. O-O Nbd7 8. Qc2
Ne4 9. Nc3 Nxd2 10. Nxd2 c6 11. Rad1 f5 12. Nf3 Bd6  1/2-1/2

[Event "Olomouc Chess Summer 2023 - B1"]
[Site "Olomouc (CZE), Hotel Flora"]
[Date "2023.08.18"]
[Round "8"]
[Board "5"]
[White "Stigar, Petter"]
[Black "Biolek, Richard"]
[Result "1/2-1/2"]
[WhiteElo "2213"]
[BlackElo "2373"]
[PlyCount "0"]
[EventDate "2023.08.12"]
[EventRounds "9"]
[EventCountry "CZE"]

1. d4 c5 2. d5 e5 3. e4 d6 4. Bb5+ Bd7 5. a4 g6 6. Nc3 a6 7. Be2 Bg7 8. Nf3 Ne7 9.
Nd2 O-O 10. Nc4 Nc8 11. O-O Ra7 12. f4 b5 13. axb5 axb5 14. Rxa7 Nxa7 15. Nd2 exf4
16. Rxf4 Qe7 17. Rf1 b4 18. Ncb1 Bb5 19. c4 bxc3 20. Nxc3 Bxe2 21. Qxe2 Nd7 22. Nc4
Ne5 23. Nxe5 Bxe5 24. Qf3 Nc8 25. g3 Nb6 26. Kg2 Nd7 27. Nd1 Bg7 28. Bd2 f5 29. Re1
Ne5 30. Qe2 Qb7 31. Bc3 f4 32. gxf4 Rxf4 33. Rf1 Rg4+ 34. Kh1 Qd7 35. Nf2 Rh4 36.
Qe3 Qf7 37. Ra1 Rf4 38. Ra8+ Bf8 39. Bxe5 dxe5 40. Kg2 Kg7 41. h3 Qb7 42. Ra2 Bd6
 1/2-1/2

[Event "Olomouc Chess Summer 2023 - B1"]
[Site "Olomouc (CZE), Hotel Flora"]
[Date "2023.08.19"]
[Round "9"]
[Board "2"]
[White "Kwon, Sehyun"]
[Black "Stigar, Petter"]
[Result "1-0"]
[WhiteElo "2274"]
[BlackElo "2213"]
[PlyCount "0"]
[EventDate "2023.08.12"]
[EventRounds "9"]
[EventCountry "CZE"]

1. e4 e5 2. Nf3 Nf6 3. d4 Nxe4 4. Bd3 d5 5. Nxe5 Nd7 6. Nc3 Nxe5 7. dxe5 Nxc3 8.
bxc3 Be7 9. O-O O-O 10. f4 f5 11. Be3 Be6 12. g4 Qd7 13. g5 c5 14. c4 d4 15. Bd2
Qa4 16. c3 Qxd1 17. Rfxd1 Rfd8 18. cxd4 Rxd4 19. Be3 Rd7 20. Be2 Rad8 21. Rxd7 Rxd7
22. Kf2 Kf7 23. Ke1 Ke8 24. Rd1 Rxd1+ 25. Kxd1 b6 26. Kc2 Bd8 27. Kc3 g6 28. Bf3
Ke7 29. Bd5 Bc7 30. Kb3 Bd8 31. Bc6 Bd7 32. Bb7 Bc7 33. Ba6 Bc6 34. a4 Bd8 35. a5
Bc7 36. Ka3 Bd8 37. Kb2 Bc7 38. Kc3 Bd8 39. Bg1 Bc7 40. Bf2 Bd8 41. Kb3 Bc7 42. Bc8
Bd8 43. h4 Bc7 44. h5 Kf7 45. h6 Bb8 46. Be1 Bc7 47. Bf2 Bb8 48. Kb2 Bc7 49. Kc3
Bd8 50. Kd3 Be7 51. Be1 Bd8 52. a6 Be7 53. Bc3 Kf8 54. Ke3 Kf7 55. e6+ Ke8 56. Be5
Bd8 57. Bd6 Be4 58. Bd7#  1-0

[Event "Olomouc Chess Summer 2023 - B1"]
[Site "Olomouc (CZE), Hotel Flora"]
[Date "2023.08.19"]
[Round "9"]
[Board "3"]
[White "Bokhnak, Timofey"]
[Black "Plischki, Sebastian"]
[Result "0-1"]
[WhiteElo "2197"]
[BlackElo "2319"]
[PlyCount "0"]
[EventDate "2023.08.12"]
[EventRounds "9"]
[EventCountry "CZE"]

1. e4 e5 2. Nf3 Nc6 3. Bb5 a6 4. Ba4 Nf6 5. d3 d6 6. c3 g6 7. O-O Bg7 8. Nbd2 O-O
9. Re1 h6 10. Nf1 b5 11. Bc2 Nb8 12. a4 Bb7 13. Ne3 Nbd7 14. b4 Re8 15. Bb3 c6 16.
c4 Qb8 17. Bb2 a5 18. cxb5 axb4 19. Qd2 Nc5 20. Qxb4 cxb5 21. Bc2 bxa4 22. Ba3 Nfd7
23. Nd2 Bc6 24. Qc3 Qc7 25. Ndc4 Reb8 26. Reb1 h5 27. Rxb8+ Rxb8 28. Bb4 Bf8 29.
Na5 Bb5 30. Nd5 Qd8 31. h3 Qg5 32. Nc4 Bc6 33. Nde3 Ne6 34. Bxd6 Nd4 35. Bd1 Rb3
36. Qd2 Bxd6 37. Nxd6 Nc5 38. Rc1 Rxd3 39. Qe1 Ncb3 40. Rc3 Nd2 41. Kh1 Rxc3 42.
Qxd2 Rc5 43. Qb4 Ne6 44. Qb8+ Qd8 45. Nc8 Bxe4 46. Ne7+ Kf8  0-1

[Event "Olomouc Chess Summer 2023 - B1"]
[Site "Olomouc (CZE), Hotel Flora"]
[Date "2023.08.19"]
[Round "9"]
[Board "4"]
[White "Degenhard, Simon"]
[Black "Ashwath, R."]
[Result "1-0"]
[WhiteElo "2242"]
[BlackElo "2297"]
[PlyCount "0"]
[EventDate "2023.08.12"]
[EventRounds "9"]
[EventCountry "CZE"]

1. e4 e5 2. Nf3 Nc6 3. Bb5 a6 4. Ba4 d6 5. Bxc6+ bxc6 6. d4 f6 7. Nc3 Ne7 8. Be3
exd4 9. Nxd4 c5 10. Nde2 Rb8 11. b3 Be6 12. Nf4 Bf7 13. Qe2 Qc8 14. O-O Ng6 15. Nxg6
hxg6 16. Rad1 g5 17. f3 Be7 18. Bf2 O-O 19. Nd5 Re8 20. h4 gxh4 21. Bxh4 Bf8 22.
Qd3 a5 23. a4 c6 24. Ne3 Qb7 25. Be1 Ra8 26. g4 Red8 27. c4 Rd7 28. Rf2 g6 29. Bc3
Bg7 30. g5 fxg5 31. Bxg7 Kxg7 32. Qc3+ Kf8 33. Ng4 Bg8 34. Qf6+ Rf7 35. Qxd6+ Qe7
36. Qxg6 Bh7 37. Qh6+ Rg7 38. Qxc6 Rb8 39. Rfd2 Qc7 40. Qf6+ Ke8 41. Rd6 Bg8 42.
Qf5 Rf7 43. Qe5+ Kf8 44. Qxg5 Re8 45. Kf2 Rg7 46. Qf6+ Qf7 47. Qxf7+ Bxf7 48. Ke3
Rg6 49. Rxg6 Bxg6 50. Rd6 Kg7 51. Rb6  1-0

[Event "Olomouc Chess Summer 2023 - B1"]
[Site "Olomouc (CZE), Hotel Flora"]
[Date "2023.08.19"]
[Round "9"]
[Board "5"]
[White "Kucharska, Honorata"]
[Black "Juhanak, Daniel"]
[Result "1/2-1/2"]
[WhiteElo "2204"]
[BlackElo "1976"]
[PlyCount "0"]
[EventDate "2023.08.12"]
[EventRounds "9"]
[EventCountry "CZE"]

1. c4 c5 2. Nf3 Nf6 3. g3 g6 4. Bg2 Bg7 5. O-O O-O 6. d4 cxd4 7. Nxd4 d5 8. cxd5
Nxd5 9. Nb5 Be6 10. e4 Nb4 11. N1c3 N8a6 12. Nd5 Bxd5 13. exd5 Qd7 14. Nc3 Nc5 15.
a3 Nbd3 16. Ne4 Nxe4 17. Qxd3 Nd6 18. Qe2 Rfe8 19. Bf4 Rac8 20. Rad1 Rc7 21. Rfe1
Rec8 22. h4 Kf8 23. Be5 Bxe5 24. Qxe5 Kg8 25. h5 Qf5 26. hxg6 hxg6 27. Qd4 b6 28.
Bf1 Qg5 29. Ba6 Rd8 30. Bd3 Nf5 31. Qe5 Rd6 32. Bb1 Qf6 33. Qf4 Kg7 34. Rd2 Rcd7
35. Be4 Rd8 36. Bxf5 gxf5 37. Rde2 R8d7 38. Qf3 Rxd5 39. Rxe7 Rxe7 40. Rxe7 Qxe7
41. Qxd5 Qf6 42. Qd2 Kg6 43. Kg2 Qe5 44. f3  1/2-1/2

[Event "Olomouc Chess Summer 2023 - B2"]
[Site "Olomouc (CZE), Hotel Flora"]
[Date "2023.08.12"]
[Round "1"]
[Board "2"]
[White "Levitan, Ronit"]
[Black "Valkova, Angelika"]
[Result "1-0"]
[WhiteElo "2131"]
[BlackElo "2057"]
[PlyCount "0"]
[EventDate "2023.08.12"]
[EventRounds "9"]
[EventCountry "CZE"]

1. e4 d5 2. exd5 Qxd5 3. Nc3 Qa5 4. d4 Nf6 5. Nf3 Bf5 6. Bd2 e6 7. Bc4 Bb4 8. Qe2
c6 9. O-O-O b5 10. Bb3 O-O 11. Ne5 Bxc3 12. Bxc3 b4 13. Bd2 Qb6 14. g4 Be4 15. g5
Bxh1 16. gxf6 Bd5 17. Bh6 g6 18. Qe3 Rc8 19. Bf8 Qd8 20. Be7  1-0

[Event "Olomouc Chess Summer 2023 - B2"]
[Site "Olomouc (CZE), Hotel Flora"]
[Date "2023.08.12"]
[Round "1"]
[Board "4"]
[White "Adarsh, Tripathi"]
[Black "Koziorowicz, Michal"]
[Result "1-0"]
[WhiteElo "2286"]
[BlackElo "2319"]
[PlyCount "0"]
[EventDate "2023.08.12"]
[EventRounds "9"]
[EventCountry "CZE"]

1. e4 e6 2. d4 d5 3. exd5 exd5 4. Bd3 Bd6 5. Nf3 Qe7+ 6. Be3 Nf6 7. O-O Ne4 8. c4
c6 9. Nc3 Nxc3 10. bxc3 dxc4 11. Re1 O-O 12. Bxc4 Bg4 13. Bf4 Qc7 14. Bxf7+ Kh8 15.
Bxd6 Qxd6 16. Re3 Nd7 17. Qb3 Bxf3 18. Rxf3 Nf6 19. Re1 Qc7 20. Be6 Rae8 21. h3 Nh5
22. Rxf8+ Rxf8 23. Re5 Nf4 24. Bc4 Qd6 25. Qc2 Qf6 26. Re3 b5 27. Bf1 a5 28. Rf3
Re8 29. Qd2 g5 30. Kh2 Qg6 31. g3 Nd5 32. Bd3 Qh5 33. Rf5 h6 34. c4 bxc4 35. Bxc4
Qg6 36. Re5 Rxe5 37. dxe5 Qf5 38. Qd4 Kg7 39. Kg2 Qe6 40. Qa7+ Kg8 41. Qb8+ Kf7 42.
Bb3 h5 43. Qa7+ Kg8 44. Qxa5 Qxe5 45. Qa8+ Kg7 46. Qxc6 Nf6 47. Qe6 Qc7 48. Qf5 Qc6+
49. Kh2 g4 50. Qg5+ Kf8 51. Qg6 Ke7 52. Qf7+ Kd8 53. Qf8+ Kc7 54. Qe7+ Kb8 55. Qb4+
Kc7 56. Qc4 Kd6 57. Qxc6+ Kxc6 58. Kg2 Kd6 59. f3 gxf3+ 60. Kxf3 Ke5 61. Bf7 h4 62.
gxh4 Nd7 63. a4 Kf6 64. Bd5 Ke5 65. Bg8 Nc5 66. a5 Na6 67. Bc4 Nb4 68. Kg4 Kf6 69.
Kf4 Kg6 70. Be2 Kf6 71. h5 Kg7 72. Kf5 Kh6 73. Ke6 Nc6 74. a6 Nd4+ 75. Ke5 Nc6+ 76.
Kd6 Na7 77. Kc7  1-0

[Event "Olomouc Chess Summer 2023 - B2"]
[Site "Olomouc (CZE), Hotel Flora"]
[Date "2023.08.12"]
[Round "1"]
[Board "5"]
[White "Nemec, Jachym"]
[Black "Kusa, Jakub"]
[Result "1-0"]
[WhiteElo "2333"]
[BlackElo "2360"]
[PlyCount "0"]
[EventDate "2023.08.12"]
[EventRounds "9"]
[EventCountry "CZE"]

1. d4 d5 2. c4 e6 3. Nc3 a6 4. cxd5 exd5 5. Nf3 Nf6 6. Bg5 Be6 7. e3 Nbd7 8. Bd3
Bd6 9. Qc2 c6 10. O-O Qc7 11. Bh4 O-O 12. Rac1 h6 13. Na4 Bg4 14. Bg3 Rfe8 15. Nd2
Bxg3 16. hxg3 Nb6 17. Nc5 Nc8 18. Rfe1 Nd6 19. f3 Bd7 20. e4 dxe4 21. fxe4 Nb5 22.
e5 Nd5 23. Ndb3 Qc8 24. Qf2 Be6 25. Nxe6 Qxe6 26. Nc5 Qe7 27. a4 Nbc7 28. Nxb7 Qb4
29. Nd6 Rf8 30. Rc4 Qb3 31. Bc2 Qb6 32. Rf1 Ne6 33. Nxf7 Ne7 34. Kh2 Rad8 35. Bf5
Ng5 36. e6 Nxf5 37. Qxf5 Qa7 38. Rxc6 Nxf7 39. exf7+ Rxf7 40. Qxf7+ Qxf7 41. Rxf7
Kxf7 42. Rxa6 Rb8 43. Ra7+ Kf6 44. a5 Rxb2 45. a6 Kg5 46. Rxg7+ Kh5 47. Rb7  1-0

[Event "Olomouc Chess Summer 2023 - B2"]
[Site "Olomouc (CZE), Hotel Flora"]
[Date "2023.08.13"]
[Round "2"]
[Board "1"]
[White "Jurek, Josef"]
[Black "Kusa, Jakub"]
[Result "1/2-1/2"]
[WhiteElo "2253"]
[BlackElo "2360"]
[PlyCount "0"]
[EventDate "2023.08.12"]
[EventRounds "9"]
[EventCountry "CZE"]

1. c4 Nf6 2. Nc3 g6 3. g3 Bg7 4. Bg2 O-O 5. d4 d6 6. Nf3 c6 7. O-O Bf5 8. Qb3 Qb6
9. Re1 Na6 10. e4 Qxb3 11. axb3 Bg4 12. Be3 Nb4 13. Re2 Nd7 14. Rd2 c5 15. d5 a6
16. Ne1 Nf6 17. e5 Ne8 18. e6 fxe6 19. h3 exd5 20. Nxd5 Be6 21. Nxb4 cxb4 22. Bxb7
Rb8 23. Bg2 Nc7 24. Ba7 Rbc8 25. Nd3 d5 26. Nc5 Bf7 27. Nd7 Rfd8 28. Nb6 dxc4 29.
Re2 c3 30. bxc3 bxc3 31. Nxc8 Rxc8 32. Bb7 Rd8 33. Bb6 c2 34. Rxc2 Bxa1 35. Rxc7
Rd1+ 36. Kg2 Bf6 37. b4  1/2-1/2

[Event "Olomouc Chess Summer 2023 - B2"]
[Site "Olomouc (CZE), Hotel Flora"]
[Date "2023.08.13"]
[Round "2"]
[Board "2"]
[White "Koziorowicz, Michal"]
[Black "Nemec, Jachym"]
[Result "1/2-1/2"]
[WhiteElo "2319"]
[BlackElo "2333"]
[PlyCount "0"]
[EventDate "2023.08.12"]
[EventRounds "9"]
[EventCountry "CZE"]

1. e4 c6 2. d4 d5 3. e5 c5 4. dxc5 e6 5. a3 Bxc5 6. b4 Bb6 7. Nf3 Ne7 8. Bd3 Ng6
9. O-O O-O 10. Re1 a5 11. Bb2 axb4 12. axb4 Rxa1 13. Bxa1 Na6 14. Qd2 Qe7 15. c3
Bd7 16. Na3 Nc7 17. Bb2 Ba7 18. Bc1 Ra8 19. g3 Bc6 20. Nd4 Bxd4 21. cxd4 Ra4 22.
b5 Be8 23. Qc2 Rxd4 24. Be3 Nxe5 25. Bxh7+ Kh8 26. Kg2 Rg4 27. h3 Nc4 28. hxg4 Nxa3
29. Qc1 Kxh7 30. Bc5 Qd7 31. Qxa3 Kg8 32. b6 Nb5 33. Qf3 d4 34. Kh2 Qc8 35. Bb4 Bc6
36. Qf4 Qd8 37. Re5 d3 38. Kh3 Nd4 39. Bc3 Nf3 40. Rh5 Ng1+ 41. Kh2 Nf3+ 42. Kh3
e5 43. Rxe5 Nxe5 44. Qxe5 f6 45. Qe3 Qd5 46. f3 Qxf3 47. Qxf3 Bxf3 48. g5 fxg5 49.
Kh2 Kf7 50. Kg1 g4 51. Kf2 Be4 52. Ke3 Bf5 53. Be5 g6 54. Kd2 Ke6 55. Bf4 Kd5 56.
Bc7 Kd4 57. Bf4 Kc4 58. Bc7  1/2-1/2

[Event "Olomouc Chess Summer 2023 - B2"]
[Site "Olomouc (CZE), Hotel Flora"]
[Date "2023.08.13"]
[Round "2"]
[Board "3"]
[White "Jasny, Stanislav"]
[Black "Adarsh, Tripathi"]
[Result "0-1"]
[WhiteElo "2244"]
[BlackElo "2286"]
[PlyCount "0"]
[EventDate "2023.08.12"]
[EventRounds "9"]
[EventCountry "CZE"]

1. e4 c5 2. Nf3 d6 3. g3 Nf6 4. d3 g6 5. Bg2 Bg7 6. O-O O-O 7. Re1 Nc6 8. h3 e5 9.
c3 d5 10. exd5 Nxd5 11. Nbd2 b6 12. Nc4 Re8 13. a4 Bb7 14. Ng5 Re7 15. a5 Rb8 16.
axb6 axb6 17. Qb3 h6 18. Ne4 Bc8 19. Qc2 Be6 20. h4 f5 21. Ned2 b5 22. Ne3 Ndb4 23.
cxb4 Nxb4 24. Qd1 Nxd3 25. Re2 Rd7 26. Qc2 c4 27. Ra6 Nb4  0-1

[Event "Olomouc Chess Summer 2023 - B2"]
[Site "Olomouc (CZE), Hotel Flora"]
[Date "2023.08.13"]
[Round "2"]
[Board "4"]
[White "Valkova, Angelika"]
[Black "Paseka, Matyas"]
[Result "1-0"]
[WhiteElo "2057"]
[BlackElo "2237"]
[PlyCount "0"]
[EventDate "2023.08.12"]
[EventRounds "9"]
[EventCountry "CZE"]

1. d4 Nf6 2. c4 g6 3. Nc3 Bg7 4. e4 d6 5. h3 e5 6. d5 a5 7. Be3 Na6 8. Bd3 c6 9.
Nge2 Nd7 10. g4 Ndc5 11. Bc2 cxd5 12. cxd5 h5 13. g5 Bd7 14. Ba4 Rc8 15. f3 Nb4 16.
Bxd7+ Qxd7 17. Nc1 Na4 18. Qxa4 Qxa4 19. Nxa4 Nc2+ 20. Kd2 Nxa1 21. Ne2 b5 22. Nb6
Rc2+ 23. Kd3 Ke7 24. Rxa1 Rc7 25. Nc3 b4 26. Nb5 Rb7 27. a4 f5 28. Nc4 h4 29. Nxa5
Rd7 30. Nc6+ Kf7 31. a5 f4 32. Bb6  1-0

[Event "Olomouc Chess Summer 2023 - B2"]
[Site "Olomouc (CZE), Hotel Flora"]
[Date "2023.08.13"]
[Round "2"]
[Board "5"]
[White "Lanc, Alois"]
[Black "Levitan, Ronit"]
[Result "1-0"]
[WhiteElo "2263"]
[BlackElo "2131"]
[PlyCount "0"]
[EventDate "2023.08.12"]
[EventRounds "9"]
[EventCountry "CZE"]

1. e4 e5 2. Nf3 Nc6 3. Bb5 a6 4. Ba4 Nf6 5. O-O Nxe4 6. d4 b5 7. Bb3 d5 8. Nxe5 Nxe5
9. dxe5 c6 10. Be3 Bf5 11. c3 Be7 12. Bc2 Qd7 13. f3 Bc5 14. Qc1 Bxe3+ 15. Qxe3 Ng3
16. hxg3 Bxc2 17. Nd2 O-O 18. Rac1 Bf5 19. g4 Be6 20. Nb3 Rae8 21. Nc5 Qc8 22. g5
f6 23. gxf6 gxf6 24. exf6 Rxf6 25. Rce1 Bf7 26. Qd4 Rg6 27. Rxe8+ Qxe8 28. Nxa6 Qe2
29. Qf2 Qc4 30. Nc5 Be6 31. Qe3 Bh3 32. Rf2 Qh4 33. Re2 Qg3 34. Qe8+ Kg7 35. Qe7+
Kh6 36. Qf8+ Kh5 37. Nd3  1-0

[Event "Olomouc Chess Summer 2023 - B2"]
[Site "Olomouc (CZE), Hotel Flora"]
[Date "2023.08.13"]
[Round "3"]
[Board "1"]
[White "Levitan, Ronit"]
[Black "Jurek, Josef"]
[Result "1/2-1/2"]
[WhiteElo "2131"]
[BlackElo "2253"]
[PlyCount "0"]
[EventDate "2023.08.12"]
[EventRounds "9"]
[EventCountry "CZE"]

1. e4 e6 2. d4 d5 3. exd5 exd5 4. Nf3 Nf6 5. Bd3 Bd6 6. Qe2+ Be6 7. Ng5 Qe7 8. Nxe6
fxe6 9. O-O Nc6 10. c3 O-O 11. Nd2 e5 12. dxe5 Nxe5 13. Bc2 Rae8 14. Nf3 Nxf3+ 15.
Qxf3 Ne4 16. Qh5 Qe6 17. Be3 g6 18. Qd1 Rf5 19. Bxe4 Qxe4 20. Qd4 Qxd4 21. Bxd4 Re2
22. Rab1 Rf8 23. Rfe1 Ree8 24. f3 Kf7 25. h3 Bg3  1/2-1/2

[Event "Olomouc Chess Summer 2023 - B2"]
[Site "Olomouc (CZE), Hotel Flora"]
[Date "2023.08.13"]
[Round "3"]
[Board "2"]
[White "Paseka, Matyas"]
[Black "Lanc, Alois"]
[Result "1/2-1/2"]
[WhiteElo "2237"]
[BlackElo "2263"]
[PlyCount "0"]
[EventDate "2023.08.12"]
[EventRounds "9"]
[EventCountry "CZE"]

1. e4 c5 2. Nf3 Nc6 3. d4 cxd4 4. Nxd4 Nf6 5. Nc3 d6 6. Bg5 e6 7. Qd2 a6 8. O-O-O
Bd7 9. f4 Be7 10. Nf3 b5 11. Bxf6 gxf6 12. f5 Qb6 13. Kb1 O-O-O 14. Ne2 Qf2 15. a4
Qb6 16. Nfd4 Nxd4 17. Qxd4 Kb7 18. Nc3 b4 19. Ne2 Rc8 20. Qxb6+ Kxb6 21. Nf4 Rc5
22. Nd3 Rc7 23. Nxb4 a5 24. Na2 Bxa4 25. Nc3 Bd7 26. Bd3 a4 27. Ne2 Ka5 28. c3 Rc5
29. Nd4 Rb8 30. Kc2 e5 31. Nf3 Bc6 32. Nd2 d5 33. Ra1 dxe4 34. Bxe4 Bxe4+ 35. Nxe4
Rc4 36. Nd2 Rg4 37. g3 Kb5 38. Rhe1 Rd8 39. Ne4 h5 40. h3 Rgg8 41. Red1 Rxd1 42.
Rxd1 Kc6 43. Rd2 Ra8 44. Kd3 a3 45. bxa3 Rxa3 46. g4 hxg4 47. hxg4 Ra1 48. Rh2 Rd1+
49. Ke2 Rg1 50. Kf3 Rf1+ 51. Rf2 Re1 52. Ra2 Rf1+ 53. Ke3 Rf4 54. Ra7 Bd8 55. Rxf7
Rxg4 56. Nxf6 Bxf6 57. Rxf6+ Kd5 58. Ra6 Rg3+ 59. Kd2 Ke4 60. f6 Rg2+ 61. Ke1 Ke3
62. Kf1 Rf2+ 63. Kg1 Rf5 64. Ra1 Rxf6 65. Re1+ Kd2 66. Rxe5  1/2-1/2

[Event "Olomouc Chess Summer 2023 - B2"]
[Site "Olomouc (CZE), Hotel Flora"]
[Date "2023.08.13"]
[Round "3"]
[Board "3"]
[White "Adarsh, Tripathi"]
[Black "Valkova, Angelika"]
[Result "1/2-1/2"]
[WhiteElo "2286"]
[BlackElo "2057"]
[PlyCount "0"]
[EventDate "2023.08.12"]
[EventRounds "9"]
[EventCountry "CZE"]

1. e4 e5 2. Nc3 Nc6 3. Bc4 Nf6 4. d3 Na5 5. Nf3 Nxc4 6. dxc4 Bb4 7. Qd3 d6 8. Bd2
Bxc3 9. Bxc3 b6 10. Nd2 Qd7 11. O-O Nh5 12. Rfe1 Nf4 13. Qg3 Bb7 14. Nf3 f6 15. Bd2
g5 16. Bxf4 gxf4 17. Qh4 O-O-O 18. Nd2 f5 19. f3 Rdg8 20. exf5 Qxf5 21. Ne4  1/2-1/2

[Event "Olomouc Chess Summer 2023 - B2"]
[Site "Olomouc (CZE), Hotel Flora"]
[Date "2023.08.13"]
[Round "3"]
[Board "4"]
[White "Nemec, Jachym"]
[Black "Jasny, Stanislav"]
[Result "1/2-1/2"]
[WhiteElo "2333"]
[BlackElo "2244"]
[PlyCount "0"]
[EventDate "2023.08.12"]
[EventRounds "9"]
[EventCountry "CZE"]

1. d4 e6 2. c4 f5 3. g3 Nf6 4. Bg2 c6 5. Nh3 Be7 6. O-O d6 7. Nc3 e5 8. d5 O-O 9.
b4 cxd5 10. Nxd5 Nxd5 11. Qxd5+ Kh8 12. Ba3 Nd7 13. Rac1 Nb6 14. Qd3 e4 15. Qb3 Be6
16. Nf4 Bf7 17. Nd5 Nxd5 18. cxd5 Qb6 19. Bb2 Qb5 20. Rfd1 Rac8 21. Bf1 Rxc1 22.
Bxc1 Rc8 23. e3 Qd7 24. Bb2 Rc7 25. Rd2 Qc8 26. Be2 h6  1/2-1/2

[Event "Olomouc Chess Summer 2023 - B2"]
[Site "Olomouc (CZE), Hotel Flora"]
[Date "2023.08.13"]
[Round "3"]
[Board "5"]
[White "Kusa, Jakub"]
[Black "Koziorowicz, Michal"]
[Result "1/2-1/2"]
[WhiteElo "2360"]
[BlackElo "2319"]
[PlyCount "0"]
[EventDate "2023.08.12"]
[EventRounds "9"]
[EventCountry "CZE"]

1. d4 Nf6 2. c4 g6 3. Nf3 Bg7 4. g3 O-O 5. Bg2 d6 6. Nc3 Nc6 7. O-O e5 8. dxe5 dxe5
9. Bg5 Qxd1 10. Rfxd1 h6 11. Be3 Be6 12. Nd2 Rfd8 13. b3 Ng4 14. Bc5 e4 15. Rac1
f5 16. h3 Nge5 17. Ndb1 Kf7 18. Nd5 Rac8 19. Nbc3 Nd7 20. Be3 a6 21. f3 exf3 22.
exf3 Ne7 23. Nf4 Nf8 24. Nxe6 Nxe6 25. Ne2 Rxd1+ 26. Rxd1 Rd8 27. Rxd8 Nxd8 28. f4
c6 29. Kf2 Ke6 30. Ke1 Kd6 31. Bb6 Ne6 32. Kd2 h5 33. Bf3 Bf6 34. b4 Nc8 35. Be3
Kc7 36. Kd3 Be7 37. c5 Kd7 38. g4 hxg4 39. hxg4 Bd8 40. gxf5 gxf5 41. Bg2 Ke7 42.
a4 Kf6 43. b5 axb5 44. axb5 Ne7 45. bxc6 bxc6 46. Kc4  1/2-1/2

[Event "Olomouc Chess Summer 2023 - B2"]
[Site "Olomouc (CZE), Hotel Flora"]
[Date "2023.08.14"]
[Round "4"]
[Board "1"]
[White "Jurek, Josef"]
[Black "Koziorowicz, Michal"]
[Result "1-0"]
[WhiteElo "2253"]
[BlackElo "2319"]
[PlyCount "0"]
[EventDate "2023.08.12"]
[EventRounds "9"]
[EventCountry "CZE"]

1. Nf3 Nf6 2. c4 g6 3. d4 Bg7 4. g3 O-O 5. Bg2 d6 6. Nc3 Nc6 7. O-O e5 8. dxe5 Nxe5
9. b3 Nxf3+ 10. Bxf3 Bh3 11. Re1 Ng4 12. Bb2 c6 13. e4 f5 14. exf5 Nxf2 15. Kxf2
Qb6+ 16. Re3 Rae8 17. Nd5 Bh6 18. Qd4 Bxe3+ 19. Nxe3 Qxd4 20. Bxd4 gxf5 21. Nd5 cxd5
22. Bxd5+ Rf7 23. Bxa7 Kf8 24. Bxf7 Kxf7 25. Be3 Bg4 26. Rc1 Ke6 27. Rc2 Ra8 28.
Rd2 Bh5 29. Bf4 Rd8 30. c5 d5 31. Bd6 Ra8 32. a4 b6 33. Rd3 f4 34. gxf4 Bg6 35. Re3+
Be4 36. f5+ Kd7 37. f6 bxc5 38. Bxc5 Ke6 39. Bd4 Rb8 40. Rc3 Bg6 41. a5 Kf5 42. a6
Ke4 43. Bc5 d4 44. a7 Ra8 45. Rc4 Bf7 46. Rxd4+ Ke5 47. b4 Kxf6 48. b5 Ke5 49. b6
Bd5 50. Rxd5+  1-0

[Event "Olomouc Chess Summer 2023 - B2"]
[Site "Olomouc (CZE), Hotel Flora"]
[Date "2023.08.14"]
[Round "4"]
[Board "2"]
[White "Jasny, Stanislav"]
[Black "Kusa, Jakub"]
[Result "1/2-1/2"]
[WhiteElo "2244"]
[BlackElo "2360"]
[PlyCount "0"]
[EventDate "2023.08.12"]
[EventRounds "9"]
[EventCountry "CZE"]

1. c4 e6 2. Nf3 d5 3. e3 Nf6 4. b3 c5 5. Bb2 Nc6 6. cxd5 exd5 7. Bb5 Be7 8. O-O O-O
9. d3 Bg4 10. Bxc6 bxc6 11. Nbd2 a5 12. Qc2 Nd7 13. d4 cxd4 14. Nxd4 c5 15. Nc6 Qe8
16. h3 Be6 17. Nxe7+ Qxe7 18. Qc3 f6 19. Ba3 Rfc8 20. Rac1  1/2-1/2

[Event "Olomouc Chess Summer 2023 - B2"]
[Site "Olomouc (CZE), Hotel Flora"]
[Date "2023.08.14"]
[Round "4"]
[Board "3"]
[White "Valkova, Angelika"]
[Black "Nemec, Jachym"]
[Result "0-1"]
[WhiteElo "2057"]
[BlackElo "2333"]
[PlyCount "0"]
[EventDate "2023.08.12"]
[EventRounds "9"]
[EventCountry "CZE"]

1. d4 Nf6 2. c4 e6 3. Nf3 d5 4. Nc3 Bb4 5. Qa4+ Nc6 6. a3 Bxc3+ 7. bxc3 Ne4 8. e3
Nxc3 9. Qc2 Ne4 10. Bd3 f5 11. O-O O-O 12. Rb1 Rb8 13. a4 Bd7 14. Ba3 Rf6 15. Rfc1
Rh6 16. Qa2 Be8 17. cxd5 exd5 18. Rb5 Bf7 19. Qb2 b6 20. Qc2 a6 21. Rb2 Ra8 22. Qe2
Bh5 23. Rbc2 Qe8 24. Kf1 Ng5 25. Bxf5 Rf6 26. g4 Rxf5 27. Nxg5 Rxg5 28. gxh5 Qe4
29. Ke1 Na5 30. Rc3 Re8 31. Qd3 Qh4 32. Rxc7 Nc4 33. R7xc4 dxc4 34. Qxc4+ Kh8 35.
Qe6 Rg1+ 36. Kd2 Qxf2+ 37. Kd3 Rd1+  0-1

[Event "Olomouc Chess Summer 2023 - B2"]
[Site "Olomouc (CZE), Hotel Flora"]
[Date "2023.08.14"]
[Round "4"]
[Board "4"]
[White "Lanc, Alois"]
[Black "Adarsh, Tripathi"]
[Result "0-1"]
[WhiteElo "2263"]
[BlackElo "2286"]
[PlyCount "0"]
[EventDate "2023.08.12"]
[EventRounds "9"]
[EventCountry "CZE"]

1. e4 c5 2. Nf3 d6 3. d4 cxd4 4. Nxd4 Nf6 5. Nc3 Nc6 6. Bc4 Qb6 7. Nb3 e6 8. Be3
Qc7 9. f4 Be7 10. Bd3 a6 11. a4 e5 12. O-O exf4 13. Bxf4 Be6 14. Kh1 O-O 15. Ne2
Bxb3 16. cxb3 Rfe8 17. Ng3 Ne5 18. Bxe5 dxe5 19. Bc4 g6 20. Rc1 Qb6 21. Rc3 Rad8
22. Qc1 Rf8 23. Rcf3 Kh8 24. Qg5 Nd5 25. Qh6 Nf4 26. Nf5 Bf6 27. g3 Nh5 28. Ne3 Bg7
29. Qg5 f6 30. Qg4 Qd4 31. Bd5 Bh6 32. Ng2 Rxd5  0-1

[Event "Olomouc Chess Summer 2023 - B2"]
[Site "Olomouc (CZE), Hotel Flora"]
[Date "2023.08.14"]
[Round "4"]
[Board "5"]
[White "Levitan, Ronit"]
[Black "Paseka, Matyas"]
[Result "1-0"]
[WhiteElo "2131"]
[BlackElo "2237"]
[PlyCount "0"]
[EventDate "2023.08.12"]
[EventRounds "9"]
[EventCountry "CZE"]

1. e4 d6 2. d4 Nf6 3. Nc3 g6 4. Nf3 Bg7 5. h3 O-O 6. Be3 c6 7. a4 Nbd7 8. Be2 e5
9. dxe5 dxe5 10. Nd2 Qc7 11. Nc4 Rd8 12. Qd6 Qxd6 13. Nxd6 Bf8 14. O-O-O Nb6 15.
Nxc8 Raxc8 16. Bg5 Kg7 17. a5 Na8 18. f4 h6 19. Bh4 Rxd1+ 20. Rxd1 exf4 21. e5 Nd5
22. Nxd5 cxd5 23. Rxd5 g5 24. Bf2 Re8 25. Rd7 Re7 26. Rxe7 Bxe7 27. Bxa7 Bd8 28.
b4 Bc7 29. Bd4  1-0